| 000 | 00959nam a22002057a 4500 | ||
|---|---|---|---|
| 005 | 20250120110206.0 | ||
| 010 | _aHIN-129267 | ||
| 020 |
_a9789354912610 _c380.00 |
||
| 035 | _aHN-101613 | ||
| 037 | _bDBAD | ||
| 082 | _aउ | ||
| 100 |
_aमेनन, ओ. चंतु. _976721 |
||
| 245 |
_aइंदुलेखा/ _cओ. चंतु. मेनन; सुधांशु चतुर्वेदी द्वारा अनुवादित |
||
| 250 | _aप्रथम | ||
| 260 |
_aनई दिल्ली _bराष्ट्रीय पुस्तक न्यास _c2022 |
||
| 270 |
_aनेहरू भवन, 5, इंस्टीट्यूटशनल एरिया, फेज-2, वसंत कुंज _bनई दिल्ली _e110070 |
||
| 300 |
_a301 पृ. _c21 सेमी (अजिल्द) |
||
| 700 |
_aचतुर्वेदी, सुधांशु _976722 |
||
| 942 |
_2ddc _cHN _hउ _mमेनन |
||
| 999 |
_c208581 _d208581 |
||